000 00448nam a2200145 i 4500
001 56437
003 ES-MaACL
005 20230906163353.0
007 t|
008 031009s1919 sp ||||1| spa d
100 1 _aDíez Tortosa, Juan Luis.
_944778
245 1 0 _aVida universitaria
_b: discurso leído en la inauguración del curso de 1919 a 1920 /
_cJuan Luis Díez Tortosa.
260 _aGranada :
_b[s.n.,
_c1919]
852 _aES-MaACL
_j1586-F-18
999 _c56437
_d56437